|
|
|
|
| LEADER |
00000nam a22000007a 4500 |
| 005 |
20210429213334.0 |
| 007 |
cr|||| |||| |
| 008 |
210429s2014 co |||||s|||| 00||0 spa d |
| 020 |
|
|
|a 978-958-665-305-3
|
| 035 |
|
|
|a 33192
|
| 040 |
|
|
|a vLex
|
| 090 |
|
|
|c 11561
|d 11561
|
| 100 |
1 |
|
|a Morales Montejo, Clemencia
|
| 245 |
1 |
2 |
|a El emprendedor de organizaciones innovadoras
|h [Recurso electrn̤ico] /
|c Clemencia Morales Montejo
|
| 256 |
|
|
|a Servicio en ln̕ea
|
| 260 |
|
|
|a Bogot:̀
|b Siglo del Hombre Editores,
|c 2014
|
| 300 |
|
|
|a 1 recurso electrn̤ico
|
| 500 |
|
|
|a El presente libro orienta al lector en el proceso que va desde la generacin̤ de una idea de negocio, la introduccin̤ en el mercado, su desarrollo y la puesta en marcha del emprendimiento. Los nueve capt̕ulos del libro permiten la creacin̤ de un negocio de forma sistm̌ica, permitiendo que el conocimiento de la futura organizacin̤ se vaya gestando en un proceso interactivo de aprendizaje permanente, alimentǹdose del conocimiento de los recursos que se estudian en detalle: humanos, comerciales, de produccin̤, financieros y de informacin̤, y que se ajustan al perfil del negocio que se va definiendo.
|
| 506 |
1 |
|
|a Disponible solo en los productos indicados
|d vLex Global
|d vLex Global (Academic Edition, excluding Law Schools)
|d vLex Global (U.S. Academic Edition, Law Schools)
|d vLex Global (U.S. Academic Edition, excluding Law Schools)
|d vLex Global (Academic Edition, Law Schools)
|
| 650 |
0 |
4 |
|a Ciencias sociales
|z Colombia
|
| 650 |
0 |
4 |
|a Humanidades
|z Colombia
|
| 740 |
0 |
|
|a vLex Libros (Servicio en ln̕ea)
|
| 856 |
4 |
0 |
|u https://vlex.com/source/emprendedor-de-organizaciones-innovadoras-33192
|z Acceso restringido
|
| 942 |
|
|
|c BOOK
|
| 999 |
0 |
|
|a Social Sciences
|
| 999 |
0 |
|
|a Humanities
|